StatLab: (Record no. 12274)
[ view plain ]
| 000 -LEADER | |
|---|---|
| fixed length control field | 00561cam a2200181 4500 |
| 020 ## - INTERNATIONAL STANDARD BOOK NUMBER | |
| ISBN | 0070291349 |
| 040 ## - CATALOGING SOURCE | |
| Transcribing agency | DLC |
| 082 00 - DEWEY DECIMAL CLASSIFICATION NUMBER | |
| Classification number | 519 HIL 1975 A034 Or. |
| 100 1# - MAIN ENTRY--AUTHOR NAME | |
| Personal name | Hodges, J. L. |
| 245 10 - TITLE STATEMENT | |
| Title | StatLab: |
| Remainder of title | an empirical introduction to statistics |
| 260 ## - PUBLICATION, DISTRIBUTION, ETC. (IMPRINT) | |
| Place of publication | New York, |
| Name of publisher | McGraw-Hill |
| Year of publication | [1975] |
| 300 ## - PHYSICAL DESCRIPTION | |
| Number of Pages | vi, 372 p. |
| Other physical details | illus. |
| Dimensions | 24 cm. |
| Number of Pages | and set of worksheets (64 p.) with 2 dice. |
| Dimensions | 29 cm. |
| 490 0# - SERIES STATEMENT | |
| Series statement | McGraw-Hill series in probability and statistics |
| 650 #0 - SUBJECT ADDED ENTRY--TOPICAL TERM | |
| Topical Term | Statistics. |
| 700 1# - ADDED ENTRY--PERSONAL NAME | |
| Personal name | Krech, David, |
| 700 1# - ADDED ENTRY--PERSONAL NAME | |
| Personal name | Crutchfield, Richard S., |
| 942 ## - ADDED ENTRY ELEMENTS (KOHA) | |
| Koha item type | សៀវភៅភាសាអង់គ្លេស |
| 952 ## - LOCATION AND ITEM INFORMATION (KOHA) | |
| Withdrawn status [LOCAL, KOHA] | 0 |
| Permanent Location | Date acquired | Koha item type | Lost status | Shelving location | Barcode | Current Location | Full call number |
|---|---|---|---|---|---|---|---|
| Library Block A | 2017-08-11 | សៀវភៅភាសាអង់គ្លេស | A034 | A18421 | Library Block A | 519 HIL 1975 A034 Or. |